000 00871cam a2200193 4500
001 L129985
008 050613n2004 000 0 eng u
035 _a(Sirsi) u129985
041 _aeng
050 _a693.893
_c18
100 _aFlanagan, Roger
245 0 4 _aThe risk of mould damage over the whole life of a building
_h[electronic resource]
260 _aLondon
_bRICS
_c2004
520 _aThe research paper describes what mould is and how building materials can encourage mould growth. The major health, construction and business risks and highlighted and suggestions are made for designing out mould.
690 _aBUILT ENVIRONMENT-BUILDING PATHOLOGY-FUNGAL INFESTATION
700 _aJewell, Carol
856 _uhttps://www.rics.org/Global/Downloads/RiskMouldDamageWholeLifeBuilding200305.pdf
_zView the item free of charge at www.rics.org...
942 _n0
999 _c104322
_d104322